Online
Catalog

El bejuco del alma : (Record no. 10637)

MARC details
000 -CABECERA
campo de control de longitud fija 01530cam a2200277 a 4500
001 - NÚMERO DE CONTROL
campo de control 000010898
005 - FECHA Y HORA DE LA ÚLTIMA TRANSACCIÓN
campo de control 20200929162320.0
008 - DATOS DE LONGITUD FIJA--INFORMACIÓN GENERAL
campo de control de longitud fija 960214s1994 ck a b 000 0 spa
020 ## - NÚMERO INTERNACIONAL ESTÁNDAR DEL LIBRO
Número Internacional Estándar del Libro 9589057454
040 ## - FUENTE DE LA CATALOGACIÓN
Centro catalogador/agencia de origen DO-SdBNP
Lengua de catalogación spa
Centro/agencia transcriptor BNPHU
082 ## - NÚMERO DE LA CLASIFICACIÓN DECIMAL DEWEY
Número de clasificación 581.634
Número de documento/Ítem S386b
100 1# - ENTRADA PRINCIPAL--NOMBRE DE PERSONA
Nombre de persona Schultes, Richard Evans,
Fechas asociadas al nombre 1915-2001.
9 (RLIN) 26272
240 10 - TÍTULO UNIFORME
Título uniforme Vine of the soul: medicine, men, their plants and rituals in the Colombia Amazona.
Lenguaje de la obra Español.
245 13 - MENCIÓN DE TÍTULO
Título El bejuco del alma :
Resto del título los médicos tradicionales de la amazonia colombiana, sus plantas y sus rituales /
Mención de responsabilidad, etc. Richard Evans Schultes, Robert F. Raffauf ; prólogo de Ghillean T. Prance ; epílogo de Michael J. Balick ; traduccíon, Carlos Alberto Uribe Tobón.
260 ## - PUBLICACIÓN, DISTRIBUCIÓN, ETC.
Lugar de publicación, distribución, etc. Santafé de Bogota :
Nombre del editor, distribuidor, etc. Uniandes :
Lugar de publicación, distribución, etc. Medellín :
Nombre del editor, distribuidor, etc. Universidad de Antioquia :
Lugar de publicación, distribución, etc. Santafé de Bogotá :
Nombre del editor, distribuidor, etc. Universidad de Antioquia :
-- Banco de la República,
Fecha de publicación, distribución, etc. 1994.
300 ## - DESCRIPCIÓN FÍSICA
Extensión vii, 284 p. :
Otras características físicas il. ;
Dimensiones 26 cm.
504 ## - NOTA DE BIBLIOGRAFÍA, ETC.
Nota de bibliografía, etc. Bibliografía: (p. 281-284).
534 ## - NOTA SOBRE LA VERSIÓN ORIGINAL
Frase introductoria Título original en inglés:
Mención de título del original Vine of the soul: medicine, men, their plants and rituals in the Colombia Amazona.
650 #4 - PUNTO DE ACCESO ADICIONAL DE MATERIA--TÉRMINO DE MATERIA
Término de materia o nombre geográfico como elemento de entrada Plantas medicinales
Subdivisión geográfica Colombia
9 (RLIN) 26273
650 #4 - PUNTO DE ACCESO ADICIONAL DE MATERIA--TÉRMINO DE MATERIA
Término de materia o nombre geográfico como elemento de entrada Indígenas de américa del sur
Subdivisión general Etnobotánica
Subdivisión geográfica Colombia.
9 (RLIN) 26274
650 #4 - PUNTO DE ACCESO ADICIONAL DE MATERIA--TÉRMINO DE MATERIA
Término de materia o nombre geográfico como elemento de entrada Indígenas de américa del sur
Subdivisión geográfica Colombia
Subdivisión general Ritos y ceremonias.
9 (RLIN) 26275
650 #4 - PUNTO DE ACCESO ADICIONAL DE MATERIA--TÉRMINO DE MATERIA
Término de materia o nombre geográfico como elemento de entrada Chamanismo
Subdivisión geográfica Colombia.
9 (RLIN) 26276
700 1# - PUNTO DE ACCESO ADICIONAL--NOMBRE DE PERSONA
Nombre de persona Raffauf, Robert F.
Forma completa/desarrollada del nombre (Robert Francis),
Fechas asociadas al nombre 1916-
9 (RLIN) 26277
700 1# - PUNTO DE ACCESO ADICIONAL--NOMBRE DE PERSONA
Nombre de persona Prance, Ghillean T.,
Término indicativo de función/relación pról.
9 (RLIN) 26278
700 1# - PUNTO DE ACCESO ADICIONAL--NOMBRE DE PERSONA
Nombre de persona Uribe Tobón, Carlos Alberto,
Término indicativo de función/relación tr.
9 (RLIN) 26279
Holdings
Estado de retiro Estado de pérdida Restricciones de uso No para préstamo Código de colección Localización permanente Ubicación/localización actual Ubicación en estantería Fecha de adquisición Número de inventario Total de préstamos Signatura topográfica completa Código de barras Fecha visto por última vez Precio válido a partir de Tipo de ítem Koha Número de copia
      Excluido de préstamo Monografías: Libros y Folletos General General Depósito 12.10.2009 LF1   581.634 S386b 10898-10 25.06.2020 25.06.2020 No se presta  
  Extraviado   Excluido de préstamo Monografías: Libros y Folletos General General Extraviado 22.05.2017 LF1   581.634 S386b 10898-20 25.06.2020 25.06.2020 No se presta e. 2

Powered by Koha